Largest Cities A-Z 50 States - Statistics

General Stats
  • This quiz has been taken 218 times
  • The average score is 18 of 26
Answer Stats
Hint State Answer % Correct
O Florida Orlando
92%
J Alaska Juneau
89%
R North Carolina Raleigh
89%
T Oklahoma Tulsa
85%
N New Jersey Newark
84%
A Maryland Annapolis
82%
H Connecticut Hartford
82%
W Kansas Wichita
82%
F North Dakota Fargo
81%
L Kentucky Louisville
81%
P Maine Portland
78%
V Virginia Virginia Beach
77%
S Georgia Savannah
76%
Y New York Yonkers
74%
B Montana Billings
72%
C Texas Corpus Christi
72%
E Oregon Eugene
72%
D Minnesota Duluth
68%
M Alabama Mobile
68%
G Michigan Grand Rapids
67%
K Tennessee Knoxville
67%
Q Massachusetts Quincy
60%
I Missouri Independence
40%
X Ohio Xenia
36%
U California Upland
18%
Z Indiana Zionsville
16%
No matching quizzes found
Score Distribution
Percent of People with Each Score
Percentile by Number Answered
Your Score History
You have not taken this quiz